| 000 | 00541nam a22001817a 4500 | ||
|---|---|---|---|
| 005 | 20260331145954.0 | ||
| 008 | 260331b |||||||| |||| 00| 0 eng d | ||
| 020 | _a978-73-90020-68-3 | ||
| 050 | _aRC 31 .Y 43 2020 | ||
| 100 | _aWANDER, GURPREET S. | ||
| 245 | _aYEAR BOOK OF MEDICINE 2020 | ||
| 260 |
_aNEW DELHI, _bJAYPEE BROTHERS MEDICAL PUBLISHERS, _c2020. |
||
| 300 | _aXXIV, 354 P. ILL | ||
| 500 | _aINCLUDES INDEX | ||
| 650 | _aMEDICINE- YEAR BOOK | ||
| 700 | _aSHAH, SIDDHART N. JINDAL. SUR INDER K. | ||
| 942 |
_2ddc _cBK |
||
| 999 |
_c216902 _d216902 |
||